000 00465nam a2200145Ia 4500
008 100204s9999 xx 000 0 und d
082 _b6723
100 _aआठवले भा. वा.
245 _aदेवाची माणसे
260 _b"उदयदीप प्रकाशन , मुंबई"
_c1984
300 _a155
630 _aदेवाची माणसे
730 _aदेवाची माणसे
942 _cBOOK
999 _c451161
_d451158